[Event "Oberliga Nord W 2324"]
[Site "Germany"]
[Date "2024.04.28"]
[Round "9.7"]
[White "Hoellmann, Ludger"]
[Black "Margraf, Daniel"]
[Result "0-1"]
[WhiteElo "2047"]
[BlackElo "2231"]
[PlyCount "49"]
[EventDate "2023.10.22"]
[EventType "team-tourn"]
[EventRounds "9"]
[EventCountry "GER"]
[SourceTitle "EXT 2025"]
[Source "ChessBase"]
[SourceDate "2024.10.14"]
[SourceVersion "1"]
[SourceVersionDate "2024.10.14"]
[SourceQuality "1"]
[WhiteTeam "Nordhorn Blanke"]
[BlackTeam "Delmenhorst"]
[WhiteTeamCountry "GER"]
[BlackTeamCountry "GER"]

1. d4 Nf6 2. Nf3 b6 3. g3 Bb7 4. Bg2 e6 5. 0-0 Be7 6. c4 0-0 7. Nc3 Ne4 8. Qc2 Nxc3 9. Qxc3 d6 10. Rd1 Nd7 11. b4 c5 12. Bb2 Bf6 13. Qb3 Qc7 14. Rac1 Rfd8 15. a3 Rac8 16. e3 Be4 17. Ne1 Bxg2 18. Nxg2 cxd4 19. exd4 Qb7 20. Ne3 Qf3 21. Rd3 Qe4 22. Re1 a6 23. Rdd1 b5 24. c5 dxc5 25. dxc5 0-1

[Event "Oberliga Nord W 2324"]
[Site "Germany"]
[Date "2023.12.03"]
[Round "3.6"]
[White "List, Joachim"]
[Black "Margraf, Daniel"]
[Result "1-0"]
[WhiteElo "2228"]
[BlackElo "2231"]
[PlyCount "89"]
[EventDate "2023.10.22"]
[EventType "team-tourn"]
[EventRounds "9"]
[EventCountry "GER"]
[SourceTitle "EXT 2025"]
[Source "ChessBase"]
[SourceDate "2024.10.14"]
[SourceVersion "1"]
[SourceVersionDate "2024.10.14"]
[SourceQuality "1"]
[WhiteTeam "Uelzen Post"]
[BlackTeam "Delmenhorst"]
[WhiteTeamCountry "GER"]
[BlackTeamCountry "GER"]

1. e4 e5 2. Nf3 d6 3. Bc4 Be7 4. Nc3 Nf6 5. d4 exd4 6. Nxd4 0-0 7. 0-0 c6 8. Re1 Re8 9. Bf4 Bf8 10. a4 Nbd7 11. Ba2 Nc5 12. Qf3 Bg4 13. Qg3 Qd7 14. h3 Bh5 15. f3 Bg6 16. Qf2 a5 17. Rad1 Rad8 18. Be3 Qc7 19. Kh1 Nfd7 20. Nde2 Na6 21. Nf4 Nb4 22. Bc4 d5 23. Nxg6 dxc4 24. Nxf8 Rxf8 25. Rd4 Ne5 26. Rxd8 Qxd8 27. Rd1 Qa8 28. Bb6 Qa6 29. Rd2 f6 30. Qc5 Nxc2 31. Nb5 cxb5 32. axb5 Qa8 33. Rxc2 Kh8 34. Qd5 a4 35. Bc7 a3 36. bxa3 Qxa3 37. Bxe5 fxe5 38. Rxc4 Qe7 39. b6 Rd8 40. Rc7 Qg5 41. Rd7 Rxd7 42. Qxd7 g6 43. Qc8+ Kg7 44. Qxb7+ Kh6 45. Qc7 1-0

[Event "Oberliga Nord W 2223"]
[Site "Germany"]
[Date "2023.03.19"]
[Round "7.3"]
[White "Bleecke, Sebastian"]
[Black "Margraf, Daniel"]
[Result "1-0"]
[WhiteElo "2139"]
[BlackElo "2231"]
[PlyCount "71"]
[EventDate "2022.10.23"]
[EventType "team-tourn"]
[EventRounds "9"]
[EventCountry "GER"]
[SourceTitle "EXT 2025"]
[Source "ChessBase"]
[SourceDate "2024.10.14"]
[SourceVersion "1"]
[SourceVersionDate "2024.10.14"]
[SourceQuality "1"]
[WhiteTeam "Lister Turm II"]
[BlackTeam "Delmenhorst"]
[WhiteTeamCountry "GER"]
[BlackTeamCountry "GER"]

1. e4 g6 2. d4 Bg7 3. Nc3 d6 4. Be3 a6 5. Qd2 b5 6. 0-0-0 Bb7 7. f3 Nd7 8. h4 h5 9. Nh3 Ngf6 10. Kb1 e6 11. Ng5 Nb6 12. a3 Qe7 13. Qf2 Rc8 14. Be2 c5 15. e5 dxe5 16. dxc5 Nbd5 17. Nce4 0-0 18. c6 Nxe3 19. cxb7 Rxc2 20. Qxe3 Rc7 21. Nxf6+ Bxf6 22. g4 hxg4 23. fxg4 Rxb7 24. Ne4 b4 25. a4 b3 26. Bxa6 Rb4 27. Bb5 Rd8 28. Rxd8+ Qxd8 29. h5 g5 30. Rf1 Be7 31. Qf3 Qf8 32. h6 f5 33. gxf5 Qxf5 34. Qxf5 exf5 35. Nc3 f4 36. Nd5 1-0

[Event "Oberliga Nord W 2223"]
[Site "Germany"]
[Date "2023.01.15"]
[Round "4.5"]
[White "Margraf, Daniel"]
[Black "Koelle, Arthur"]
[Result "1/2-1/2"]
[WhiteElo "2247"]
[BlackElo "2176"]
[PlyCount "90"]
[EventDate "2022.10.23"]
[EventType "team-tourn"]
[EventRounds "9"]
[EventCountry "GER"]
[SourceTitle "EXT 2025"]
[Source "ChessBase"]
[SourceDate "2024.10.14"]
[SourceVersion "1"]
[SourceVersionDate "2024.10.14"]
[SourceQuality "1"]
[WhiteTeam "Delmenhorst"]
[BlackTeam "Ricklingen"]
[WhiteTeamCountry "GER"]
[BlackTeamCountry "GER"]

1. e4 e5 2. Nf3 Nc6 3. d4 exd4 4. Nxd4 Bc5 5. Nb3 Bb6 6. Nc3 d6 7. Qe2 a5 8. Be3 a4 9. Bxb6 axb3 10. Be3 bxa2 11. g4 Be6 12. Bg2 Qd7 13. h3 Nge7 14. f4 f6 15. 0-0 0-0 16. Rfd1 Ra5 17. b3 Rfa8 18. Nd5 h5 19. f5 Bf7 20. c4 Nxd5 21. cxd5 Ne5 22. g5 fxg5 23. Bxg5 Qb5 24. Qxb5 Rxb5 25. Rd2 Rxb3 26. Raxa2 Rxa2 27. Rxa2 b5 28. Bd8 b4 29. Bxc7 Rb1+ 30. Kh2 b3 31. Ra8+ Kh7 32. Bxd6 Nc4 33. e5 b2 34. Rb8 Rd1 35. e6 Be8 36. f6 Nxd6 37. f7 Nxf7 38. Be4+ g6 39. exf7 Rd2+ 40. Kg3 Bxf7 41. h4 Bxd5 42. Bxd5 Rxd5 43. Rxb2 Rd3+ 44. Kh2 Kg7 45. Kg2 Rd6 1/2-1/2

[Event "Bremen Silvester op-A"]
[Site "Bremen"]
[Date "2022.12.30"]
[Round "7"]
[White "Margraf, Daniel"]
[Black "Klemm, Robert"]
[Result "1-0"]
[WhiteElo "2252"]
[BlackElo "1754"]
[PlyCount "49"]
[EventDate "2022.12.27"]
[EventType "swiss"]
[EventRounds "7"]
[EventCountry "GER"]
[SourceTitle "CBM 211 Extra"]
[Source "ChessBase"]
[SourceDate "2023.01.31"]
[SourceVersion "1"]
[SourceVersionDate "2023.01.31"]
[SourceQuality "1"]

1. e4 d6 2. d4 g6 3. Nc3 Bg7 4. f4 a6 5. Nf3 b5 6. e5 d5 7. Be2 Bf5 8. 0-0 h5 9. h3 Nh6 10. Be3 Qd7 11. Qd2 0-0 12. a4 b4 13. Nd1 a5 14. Nf2 Rc8 15. Nh2 Na6 16. g4 hxg4 17. hxg4 Be4 18. Nxe4 dxe4 19. f5 Kh7 20. Bxh6 Bxh6 21. g5 gxf5 22. gxh6 Rg8+ 23. Kh1 e6 24. Rg1 c5 25. Bxa6 1-0

[Event "Oberliga Nord W 2122"]
[Site "Germany"]
[Date "2022.05.01"]
[Round "9.5"]
[White "Schulz, Jens"]
[Black "Margraf, Daniel"]
[Result "0-1"]
[WhiteElo "2166"]
[BlackElo "2241"]
[PlyCount "56"]
[EventDate "2021.10.10"]
[EventType "team-tourn"]
[EventRounds "9"]
[EventCountry "GER"]
[SourceTitle "EXT 2023"]
[Source "ChessBase"]
[SourceDate "2022.10.05"]
[SourceVersion "1"]
[SourceVersionDate "2022.10.05"]
[SourceQuality "1"]
[WhiteTeam "Nordhorn Blanke"]
[BlackTeam "Delmenhorst"]
[WhiteTeamCountry "GER"]
[BlackTeamCountry "GER"]

1. d4 Nf6 2. Nf3 d5 3. g3 Bf5 4. Bg2 e6 5. 0-0 Be7 6. b3 0-0 7. Bb2 Nbd7 8. c4 c6 9. Nbd2 Ne4 10. Nxe4 Bxe4 11. Nd2 Bxg2 12. Kxg2 f5 13. e3 Nf6 14. f3 Qe8 15. Bc3 Qh5 16. h3 Qg6 17. f4 b5 18. Ba5 bxc4 19. bxc4 Rab8 20. Qc2 c5 21. Rab1 cxd4 22. exd4 dxc4 23. Rxb8 Rxb8 24. Qxc4 Nd5 25. Kh2 Ne3 26. Qc7 Nxf1+ 27. Nxf1 Rb2+ 28. Kg1 Qe8 0-1

[Event "Oberliga Nord W 1920"]
[Site "Germany"]
[Date "2020.01.19"]
[Round "5.6"]
[White "Margraf, Daniel"]
[Black "Koch, Yannick"]
[Result "0-1"]
[WhiteElo "2247"]
[BlackElo "2083"]
[PlyCount "60"]
[EventDate "2019.09.29"]
[EventType "team-tourn"]
[EventRounds "9"]
[EventCountry "GER"]
[SourceTitle "CBM 195 Extra"]
[Source "ChessBase"]
[SourceDate "2020.05.31"]
[SourceVersion "1"]
[SourceVersionDate "2020.05.31"]
[SourceQuality "1"]

1. e4 c5 2. Nc3 e6 3. g3 Nc6 4. Bg2 d6 5. f4 Nf6 6. Nh3 Be7 7. 0-0 0-0 8. d3 Nd4 9. g4 Nd7 10. Ne2 Rb8 11. Ng3 f5 12. gxf5 exf5 13. c3 Nc6 14. Nxf5 Rxf5 15. exf5 Nf6 16. Qb3+ d5 17. Ng5 Bxf5 18. Ne4 Ng4 19. Ng3 c4 20. Qb5 Bxd3 21. Bxd5+ Kh8 22. Bf3 a6 23. Qh5 Qb6+ 24. Kh1 Nf2+ 25. Kg2 Bxf1+ 26. Nxf1 Nd3 27. Kh1 g6 28. Qd5 Rd8 29. Qxc4 Qf2 30. Bg2 Bc5 0-1

[Event "Oberliga Nord W 1920"]
[Site "Germany"]
[Date "2019.09.29"]
[Round "1.6"]
[White "Margraf, Daniel"]
[Black "Beduerftig, Heinrich"]
[Result "1-0"]
[WhiteElo "2247"]
[BlackElo "2400"]
[PlyCount "155"]
[EventDate "2019.09.29"]
[EventType "team-tourn"]
[EventRounds "9"]
[EventCountry "GER"]
[SourceTitle "CBM 195 Extra"]
[Source "ChessBase"]
[SourceDate "2020.05.31"]
[SourceVersion "1"]
[SourceVersionDate "2020.05.31"]
[SourceQuality "1"]

1. e4 c5 2. Nc3 Nc6 3. f4 g6 4. Nf3 Bg7 5. d3 d6 6. Be2 e5 7. 0-0 Nge7 8. Qe1 0-0 9. Qh4 Nd4 10. fxe5 dxe5 11. Nxd4 cxd4 12. Nb5 f6 13. a4 a6 14. Na3 Be6 15. Bg4 Qd7 16. Bxe6+ Qxe6 17. a5 Nc8 18. Nc4 Nd6 19. b3 Rf7 20. Bd2 Rc8 21. Rf2 Rc6 22. Raf1 Ne8 23. Bb4 Bf8 24. Bxf8 Kxf8 25. Qh6+ Kg8 26. Nb6 Nc7 27. Qd2 Kg7 28. Nc4 Ne8 29. Qb4 Qe7 30. Qd2 Qe6 31. Rf3 Rf8 32. Qf2 h5 33. Qg3 Rc5 34. Qe1 Rf7 35. Qb4 Rb5 36. Qd2 Rc5 37. R3f2 Rc6 38. Ra1 Nd6 39. Nb6 Nc8 40. Nc4 Nd6 41. Ra4 Nxc4 42. bxc4 f5 43. exf5 Rxf5 44. Rb4 Rxf2 45. Qxf2 Qe7 46. Rb1 Rf6 47. Qe1 Rf7 48. h3 Qg5 49. Qe4 Kh6 50. Re1 Rf5 51. Re2 Qc1+ 52. Kh2 Qf1 53. Re1 Qf2 54. Qe2 Qf4+ 55. Kg1 Qg3 56. Qd2+ g5 57. Rb1 Rf7 58. Qb4 Qf2+ 59. Kh2 Qf4+ 60. Kh1 g4 61. Qd6+ Rf6 62. Qd7 Qg3 63. Qd8 Qf2 64. Qh8+ Kg5 65. Qg7+ Kh4 66. Rg1 b6 67. axb6 Rxb6 68. Qe7+ Qf6 69. Qd7 Rb2 70. hxg4 hxg4 71. Qh7+ Kg5 72. Qg8+ Kh5 73. Qe8+ Kg5 74. Re1 g3 75. Rxe5+ Kf4 76. Re4+ Kg5 77. Qg8+ Kh6 78. Qxg3 1-0

[Event "Bremen-ch"]
[Site "Bremen"]
[Date "2019.04.19"]
[Round "8.1"]
[White "Margraf, Daniel"]
[Black "Hundack, Rolf"]
[Result "1-0"]
[WhiteElo "2205"]
[BlackElo "2103"]
[PlyCount "71"]
[EventDate "2019.04.13"]
[EventType "swiss"]
[EventRounds "9"]
[EventCountry "GER"]
[SourceTitle "EXT 2020"]
[Source "ChessBase"]
[SourceDate "2019.10.17"]
[SourceVersion "1"]
[SourceVersionDate "2019.10.17"]
[SourceQuality "1"]

1. e4 e5 2. Nf3 Nc6 3. d4 exd4 4. Nxd4 Nf6 5. Nc3 Bb4 6. Nxc6 bxc6 7. Bd3 d5 8. exd5 cxd5 9. 0-0 0-0 10. Bg5 c6 11. Qf3 Bd6 12. h3 Rb8 13. b3 h6 14. Bf4 Bxf4 15. Qxf4 Be6 16. Rad1 Qe7 17. Rfe1 Rb4 18. Qe5 Nd7 19. Qc7 Qf6 20. Qxc6 Ne5 21. Qc7 Nxd3 22. Rxd3 Rc8 23. Qg3 d4 24. Ne4 Qd8 25. c3 Rb6 26. Rxd4 Qf8 27. c4 Ra6 28. Rd2 Kh8 29. Red1 Rb8 30. Qxb8 Qxb8 31. Rd8+ Qxd8 32. Rxd8+ Kh7 33. Rd2 Bf5 34. f3 Bg6 35. Kf2 f5 36. Nc3 1-0

[Event "Bremen-ch"]
[Site "Bremen"]
[Date "2019.04.16"]
[Round "5.1"]
[White "Elmali, Timur"]
[Black "Margraf, Daniel"]
[Result "0-1"]
[WhiteElo "2102"]
[BlackElo "2205"]
[PlyCount "126"]
[EventDate "2019.04.13"]
[EventType "swiss"]
[EventRounds "9"]
[EventCountry "GER"]
[SourceTitle "EXT 2020"]
[Source "ChessBase"]
[SourceDate "2019.10.17"]
[SourceVersion "1"]
[SourceVersionDate "2019.10.17"]
[SourceQuality "1"]

1. d4 Nf6 2. c4 e6 3. Nc3 Bb4 4. e3 0-0 5. Nf3 d5 6. a3 Bxc3+ 7. bxc3 c5 8. Bd3 Qc7 9. Qc2 b6 10. cxd5 exd5 11. 0-0 c4 12. Bf5 Nc6 13. Nd2 Re8 14. Re1 Na5 15. Bxc8 Raxc8 16. Rb1 Ne4 17. Nf1 Qc6 18. f3 Nd6 19. Nd2 Re6 20. a4 Rce8 21. Kf2 f5 22. g3 Rh6 23. Rh1 Rhe6 24. Re1 Qd7 25. Ba3 Nab7 26. Re2 Qf7 27. Rbe1 Qh5 28. Kg2 f4 29. Bxd6 Nxd6 30. Nf1 fxg3 31. Nxg3 Qh4 32. e4 Rh6 33. Kg1 Rg6 34. Rg2 Nf7 35. Rf1 Ng5 36. e5 Nh3+ 37. Kh1 Nf4 38. Rgg1 Rf8 39. Nf5 Rxg1+ 40. Rxg1 Qh5 41. Ne7+ Kh8 42. Rg4 Qf7 43. Nc6 Nd3 44. Rg3 a5 45. Qb1 Qc7 46. Qb5 Rc8 47. Nxa5 bxa5 48. Qxd5 Rb8 49. e6 Re8 50. Rg5 h6 51. Rf5 Nf4 52. Qb5 Rxe6 53. Rf8+ Kh7 54. Qf5+ Ng6 55. Qxe6 Nxf8 56. Qf5+ Kg8 57. Kg2 Qd8 58. f4 Qc7 59. Kf3 Qc6+ 60. d5 Qxa4 61. Qe5 Qd1+ 62. Kf2 Qd2+ 63. Kg3 a4 0-1

[Event "Hamburg Old School-NSJ Youth"]
[Site "Hamburg"]
[Date "2019.01.30"]
[Round "3.4"]
[White "Evering, Soeren"]
[Black "Margraf, Daniel"]
[Result "0-1"]
[WhiteElo "1857"]
[BlackElo "2252"]
[PlyCount "108"]
[EventDate "2019.01.30"]
[EventType "schev"]
[EventRounds "5"]
[EventCountry "GER"]
[SourceTitle "CBM 190 Extra"]
[Source "ChessBase"]
[SourceDate "2019.07.15"]
[SourceVersion "1"]
[SourceVersionDate "2019.07.15"]
[SourceQuality "1"]

1. e4 d6 2. d4 Nf6 3. Nc3 g6 4. Bg5 h6 5. Bh4 Nbd7 6. Qd2 e5 7. Nf3 Bg7 8. 0-0-0 g5 9. Bg3 Nh5 10. dxe5 Nxg3 11. hxg3 dxe5 12. Bc4 c6 13. Bb3 Qe7 14. Qe3 Qb4 15. Nd2 b5 16. Ne2 a5 17. c3 Qc5 18. Qxc5 Nxc5 19. Bc2 Be6 20. b3 0-0-0 21. Kb2 Rd7 22. Nf3 Rhd8 23. Rxd7 Rxd7 24. Nc1 g4 25. Ne1 Rd2 26. f3 f5 27. Ncd3 Nxd3+ 28. Nxd3 Rxg2 29. Nc5 Bg8 30. exf5 gxf3 31. Rf1 Bd5 32. g4 Rxg4 33. f6 Kc7 34. fxg7 Rxg7 35. Kb1 Rf7 36. Be4 Kd6 37. Bxd5 cxd5 38. b4 axb4 39. cxb4 e4 40. Kc2 Ke5 41. a3 Rg7 42. Kd1 Ra7 43. Ke1 Rxa3 44. Kf2 Ra2+ 45. Kg3 Rg2+ 46. Kh3 d4 47. Nd7+ Kf4 48. Nf6 Rg5 49. Kh2 d3 50. Nd7 e3 51. Nc5 Rxc5 52. bxc5 e2 53. Rb1 f2 54. c6 f1Q 0-1

[Event "Niedersachsen-ch op A"]
[Site "Verden"]
[Date "2019.01.05"]
[Round "5"]
[White "Margraf, Daniel"]
[Black "Hagemann, Sven"]
[Result "1-0"]
[WhiteElo "2227"]
[BlackElo "1954"]
[PlyCount "79"]
[EventDate "2019.01.03"]
[EventType "swiss"]
[EventRounds "7"]
[EventCountry "GER"]
[SourceTitle "EXT 2022"]
[Source "ChessBase"]
[SourceDate "2021.10.06"]
[SourceVersion "1"]
[SourceVersionDate "2021.10.06"]
[SourceQuality "1"]

1. e4 c5 2. Nc3 Nc6 3. Bb5 Nd4 4. Nf3 Nxb5 5. Nxb5 a6 6. Nc3 d6 7. d4 cxd4 8. Qxd4 e5 9. Qd3 Be6 10. Bg5 Be7 11. Bxe7 Qxe7 12. 0-0-0 Rd8 13. Rd2 Nf6 14. Rhd1 0-0 15. Qe3 Qc7 16. h3 b5 17. g4 b4 18. Nd5 Nxd5 19. exd5 Bd7 20. Ng5 h6 21. Nf3 Rc8 22. Ne1 Qc4 23. Kb1 f5 24. f3 fxg4 25. hxg4 Qf4 26. Qb6 Bb5 27. Qxd6 Qe3 28. Nd3 Qxf3 29. Nxe5 Qf4 30. Qe6+ Kh7 31. Qg6+ Kh8 32. a4 bxa3 33. Qe6 Qb4 34. Ng6+ Kh7 35. Nxf8+ Rxf8 36. Qe5 axb2 37. g5 Be8 38. gxh6 gxh6 39. Rg2 Bg6 40. Rxg6 1-0

[Event "Bremen Silvester op"]
[Site "Bremen"]
[Date "2018.12.28"]
[Round "4"]
[White "Schroeter, Baldur"]
[Black "Margraf, Daniel"]
[Result "0-1"]
[WhiteElo "2032"]
[BlackElo "2261"]
[PlyCount "96"]
[EventDate "2018.12.27"]
[EventType "swiss"]
[EventRounds "7"]
[EventCountry "GER"]
[SourceTitle "CBM 188 Extra"]
[Source "ChessBase"]
[SourceDate "2019.02.28"]
[SourceVersion "1"]
[SourceVersionDate "2019.02.28"]
[SourceQuality "1"]

1. e4 e5 2. d4 exd4 3. Qxd4 Nc6 4. Qe3 g6 5. Nc3 Bg7 6. Bd2 Nge7 7. 0-0-0 0-0 8. Kb1 d5 9. exd5 Nxd5 10. Nxd5 Qxd5 11. Qb3 Qf5 12. Nf3 Be6 13. Bc4 Na5 14. Bxe6 fxe6 15. Bxa5 Qxa5 16. h4 Kh8 17. Rhe1 Qc5 18. Ng5 Qxf2 19. Nxe6 Rae8 20. Qb4 Rf7 21. Nxg7 Rxe1 22. Qxe1 Kxg7 23. Qe5+ Qf6 24. Qxf6+ Kxf6 25. c3 Ke6 26. Re1+ Kd5 27. g4 c5 28. h5 g5 29. Re8 h6 30. Rh8 Rf6 31. Rh7 b6 32. Rxa7 Ke5 33. Rg7 b5 34. b3 b4 35. c4 Kd4 36. Kc2 Rf2+ 37. Kd1 Rxa2 38. Rf7 Rg2 39. Rf6 Rxg4 40. Rxh6 Kc3 41. Rc6 Kxb3 42. Rxc5 Kc3 43. h6 b3 44. h7 Rg1+ 45. Ke2 Rh1 46. Rxg5 Rxh7 47. Rb5 b2 48. c5 Kc2 0-1

[Event "Oberliga Nord W 1819"]
[Site "Germany"]
[Date "2018.11.25"]
[Round "3.2"]
[White "Mueer, Sebastian"]
[Black "Margraf, Daniel"]
[Result "0-1"]
[WhiteElo "2205"]
[BlackElo "2257"]
[PlyCount "84"]
[EventDate "2018.10.21"]
[EventType "team-tourn"]
[EventRounds "9"]
[EventCountry "GER"]
[SourceTitle "EXT 2020"]
[Source "ChessBase"]
[SourceDate "2019.10.17"]
[SourceVersion "1"]
[SourceVersionDate "2019.10.17"]
[SourceQuality "1"]
[WhiteTeam "Oldenburg Union"]
[BlackTeam "Delmenhorst"]
[WhiteTeamCountry "GER"]
[BlackTeamCountry "GER"]

1. d4 Nf6 2. Bf4 c5 3. e3 g6 4. Nf3 Bg7 5. Be2 0-0 6. h3 d5 7. 0-0 Qb6 8. Nc3 cxd4 9. exd4 Nc6 10. Re1 Bf5 11. Na4 Qd8 12. Bd3 Bxd3 13. Qxd3 Rc8 14. c3 b6 15. Ne5 Nxe5 16. Bxe5 Qd7 17. b3 Ne4 18. Bxg7 Kxg7 19. c4 Qf5 20. f3 Nd6 21. Qxf5 Nxf5 22. cxd5 Rfd8 23. Rac1 Rxc1 24. Rxc1 Rxd5 25. Rc7 Rxd4 26. Rxa7 Rd1+ 27. Kh2 Rd2 28. Nxb6 Nh4 29. Kh1 g5 30. Ra5 h6 31. Nc4 Rxg2 32. Ne3 Re2 33. Nf5+ Nxf5 34. Rxf5 Rxa2 35. Kg1 Rb2 36. Rb5 Kg6 37. Rb8 Kh5 38. Rb7 Kh4 39. Rxe7 Kg3 40. Kf1 Rxb3 41. Ke2 Rxf3 42. h4 g4 0-1

[Event "Bremen-ch op"]
[Site "Bremen"]
[Date "2018.03.25"]
[Round "2"]
[White "Margraf, Daniel"]
[Black "Ditmas, Hugh"]
[Result "1-0"]
[WhiteElo "2200"]
[BlackElo "1920"]
[PlyCount "65"]
[EventDate "2018.03.24"]
[EventType "swiss"]
[EventRounds "9"]
[EventCountry "GER"]
[SourceTitle "EXT 2019"]
[Source "ChessBase"]
[SourceDate "2018.10.10"]
[SourceVersion "1"]
[SourceVersionDate "2018.10.10"]
[SourceQuality "1"]

1. e4 c5 2. Nc3 Nc6 3. f4 g6 4. Nf3 Bg7 5. a3 d6 6. Bb5 Bd7 7. 0-0 e6 8. d3 Nge7 9. Qe1 Nd4 10. Bxd7+ Qxd7 11. Nxd4 cxd4 12. Nb1 0-0 13. c4 dxc3 14. Nxc3 d5 15. Kh1 dxe4 16. dxe4 Rfd8 17. Be3 Qd3 18. Bc5 Nc6 19. f5 Qc4 20. Bg1 exf5 21. exf5 Re8 22. Qf2 Ne5 23. Qc2 Rad8 24. Bxa7 Nc6 25. Bb6 Rd3 26. f6 Bh6 27. Rae1 Re5 28. Rxe5 Nxe5 29. Re1 Be3 30. Rxe3 Rxe3 31. Bxe3 Qf1+ 32. Bg1 h5 33. Qe2 1-0

[Event "Oberliga Nord W 1718"]
[Site "Germany"]
[Date "2018.03.18"]
[Round "8.6"]
[White "Margraf, Daniel"]
[Black "Krajina, Davor"]
[Result "1-0"]
[WhiteElo "2184"]
[BlackElo "2255"]
[PlyCount "55"]
[EventDate "2017.10.08"]
[EventType "team-tourn"]
[EventRounds "9"]
[EventCountry "GER"]
[SourceTitle "EXT 2019"]
[Source "ChessBase"]
[SourceDate "2018.10.10"]
[SourceVersion "1"]
[SourceVersionDate "2018.10.10"]
[SourceQuality "1"]
[WhiteTeam "Delmenhorst"]
[BlackTeam "Bremer SG"]
[WhiteTeamCountry "GER"]
[BlackTeamCountry "GER"]

1. e4 e5 2. Nf3 Nc6 3. d4 exd4 4. Nxd4 Nf6 5. Nc3 Bb4 6. Nxc6 bxc6 7. Bd3 d6 8. 0-0 a5 9. Bg5 h6 10. Bh4 g5 11. Bg3 Bg4 12. Be2 Be6 13. e5 Bxc3 14. bxc3 Ne4 15. Bf3 d5 16. Qd4 Nxg3 17. fxg3 Qe7 18. Bh5 Rb8 19. Rf6 Kd7 20. Raf1 Rh7 21. Qa7 Rb2 22. Qa8 Qd8 23. Qxa5 Qe7 24. Qa8 Qd8 25. Qa4 Qe7 26. Kh1 Rb8 27. h3 Rb5 28. Bg4 1-0

[Event "Leipzig VfB op 24th"]
[Site "Leipzig"]
[Date "2017.03.23"]
[Round "5"]
[White "Margraf, Daniel"]
[Black "Graupner, Thomas"]
[Result "0-1"]
[WhiteElo "1641"]
[BlackElo "1811"]
[PlyCount "72"]
[EventDate "2017.03.21"]
[EventType "swiss"]
[EventRounds "9"]
[EventCountry "GER"]
[SourceTitle "EXT 2018"]
[Source "ChessBase"]
[SourceDate "2017.10.13"]
[SourceVersion "1"]
[SourceVersionDate "2017.10.13"]
[SourceQuality "1"]

1. d4 Nf6 2. e3 g6 3. Bd3 c5 4. c3 d5 5. f4 c4 6. Bc2 Bg7 7. Nf3 Bg4 8. 0-0 0-0 9. Nbd2 Nc6 10. Qe1 b5 11. e4 dxe4 12. Nxe4 Nd5 13. Qg3 Bxf3 14. Rxf3 e6 15. Qh3 b4 16. Ng5 h6 17. Nxe6 fxe6 18. Qxe6+ Kh8 19. Qxg6 Nf6 20. Rg3 Qe7 21. Bd2 Qf7 22. Re1 Qxg6 23. Bxg6 Nd5 24. Re6 bxc3 25. bxc3 Nce7 26. Be4 Rab8 27. h3 Rb2 28. Rd6 Rxd2 29. Bxd5 Nxd5 30. Rxd5 Rxa2 31. Rd7 Rg8 32. Rc7 Bxd4+ 33. cxd4 Rxg3 34. Rc8+ Kg7 35. Rc7+ Kf8 36. Rc8+ Ke7 0-1

[Event "Oberliga Nord W 1617"]
[Site "Germany"]
[Date "2017.03.19"]
[Round "7.7"]
[White "Margraf, Daniel"]
[Black "Zur Lage, Julian"]
[Result "0-1"]
[WhiteElo "2209"]
[BlackElo "2107"]
[PlyCount "62"]
[EventDate "2016.10.16"]
[EventType "team-tourn"]
[EventRounds "9"]
[EventCountry "GER"]
[SourceTitle "EXT 2018"]
[Source "ChessBase"]
[SourceDate "2017.10.13"]
[SourceVersion "1"]
[SourceVersionDate "2017.10.13"]
[SourceQuality "1"]
[WhiteTeam "Delmenhorst"]
[BlackTeam "Hellern"]
[WhiteTeamCountry "GER"]
[BlackTeamCountry "GER"]

1. e4 e5 2. Nf3 Nc6 3. d4 exd4 4. Nxd4 Nf6 5. Nxc6 bxc6 6. e5 Qe7 7. Qe2 Nd5 8. Nd2 g6 9. c4 Nf4 10. Qe3 Bh6 11. Qc3 Bg7 12. Nf3 Ne6 13. Be2 0-0 14. 0-0 f6 15. exf6 Bxf6 16. Qc2 Bb7 17. Bh6 Rf7 18. Bd3 c5 19. Qe2 Bg7 20. Be4 Nd4 21. Nxd4 Bxd4 22. Bd3 Qh4 23. Bd2 Re7 24. Qd1 Rf8 25. Be3 Be5 26. f4 Bd6 27. Qd2 g5 28. b4 gxf4 29. Bxc5 Bxc5+ 30. bxc5 f3 31. g3 Qd4+ 0-1

[Event "Oberliga Nord W 1617"]
[Site "Germany"]
[Date "2017.02.19"]
[Round "6.6"]
[White "Margraf, Daniel"]
[Black "Bierenbroodspot, Paul"]
[Result "1-0"]
[WhiteElo "2209"]
[BlackElo "2093"]
[PlyCount "121"]
[EventDate "2016.10.16"]
[EventType "team-tourn"]
[EventRounds "9"]
[EventCountry "GER"]
[SourceTitle "EXT 2018"]
[Source "ChessBase"]
[SourceDate "2017.10.13"]
[SourceVersion "1"]
[SourceVersionDate "2017.10.13"]
[SourceQuality "1"]
[WhiteTeam "Delmenhorst"]
[BlackTeam "Nordhorn Blanke"]
[WhiteTeamCountry "GER"]
[BlackTeamCountry "GER"]

1. e4 d5 2. Nc3 d4 3. Nce2 e5 4. Ng3 Be6 5. Nf3 f6 6. Bb5+ Nd7 7. Qe2 g6 8. c3 c5 9. 0-0 Qe7 10. Bc4 Qf7 11. Bxe6 Qxe6 12. d3 Nh6 13. a4 Bg7 14. Nd2 0-0 15. Nc4 b6 16. f4 exf4 17. Bxf4 Ne5 18. Nxe5 fxe5 19. Bg5 Rxf1+ 20. Nxf1 Qg4 21. Qxg4 Nxg4 22. h3 Nf6 23. cxd4 exd4 24. Nd2 Nd7 25. Nc4 Ne5 26. Nxe5 Bxe5 27. Rc1 Kf7 28. Kf2 Ke6 29. Ke2 Rf8 30. Bh4 Kd6 31. Bf2 Rf7 32. Rc4 a5 33. Rc1 Kc6 34. b3 Kd7 35. Rf1 Kc6 36. Be1 Rxf1 37. Kxf1 Kd7 38. Ke2 Ke6 39. Kf3 Bf6 40. Bg3 Be5 41. Bf4 Kf6 42. Bh6 Bc7 43. Kg4 Ke6 44. h4 Bd8 45. h5 Kf7 46. Bf4 Ke6 47. Bb8 Kd7 48. Bg3 Ke6 49. hxg6 hxg6 50. Bb8 Kd7 51. Kf4 Kc6 52. Ke5 Bh4 53. Ke6 Bg5 54. Bd6 Be3 55. g3 g5 56. g4 Bc1 57. Be7 Be3 58. Bd6 Bd2 59. e5 b5 60. axb5+ Kxb5 61. Kd5 1-0

[Event "Niedersachsen-ch op-B"]
[Site "Verden"]
[Date "2017.01.05"]
[Round "1"]
[White "Klettke, Wolfgang"]
[Black "Margraf, Daniel"]
[Result "0-1"]
[WhiteElo "1958"]
[BlackElo "2189"]
[PlyCount "74"]
[EventDate "2017.01.05"]
[EventType "swiss"]
[EventRounds "7"]
[EventCountry "GER"]
[SourceTitle "CBM 187 Extra"]
[Source "ChessBase"]
[SourceDate "2018.11.04"]
[SourceVersion "1"]
[SourceVersionDate "2018.11.04"]
[SourceQuality "1"]

1. e4 c5 2. Nf3 d6 3. Bb5+ Nc6 4. d4 cxd4 5. Nxd4 Bd7 6. c4 g6 7. Nc3 Bg7 8. Be3 Nf6 9. f3 a6 10. Bxc6 bxc6 11. 0-0 0-0 12. Qd2 Qb8 13. Rab1 e5 14. Nde2 Be6 15. Rfd1 Rd8 16. b3 d5 17. cxd5 cxd5 18. exd5 Nxd5 19. Nxd5 Rxd5 20. Qe1 a5 21. Rxd5 Bxd5 22. Qd2 Be6 23. Nc3 Qc7 24. Rd1 Rc8 25. Nb5 Qb8 26. Qxa5 Bf8 27. Ba7 Qb7 28. a4 Bxb3 29. Rd8 Kg7 30. Be3 Be7 31. Rxc8 Qxc8 32. Na7 Qf5 33. Qb5 Qb1+ 34. Kf2 Bh4+ 35. g3 Qc2+ 36. Kg1 Bf6 37. a5 Bc4 0-1